Social status and power in Java (Record no. 422974)

000 -LEADER
fixed length control field 00407cam a22001337a 4500
008 - FIXED-LENGTH DATA ELEMENTS--GENERAL INFORMATION
fixed length control field 180718b1960 xxu||||| |||| 00| 0 eng d
082 ## - DEWEY DECIMAL CLASSIFICATION NUMBER
Classification number BA27x922 P185
100 ## - MAIN ENTRY--PERSONAL NAME
Personal name Palmier, Leslie H.
245 ## - TITLE STATEMENT
Title Social status and power in Java
Statement of responsibility, etc. by Leslie H. Palmier.
260 ## - PUBLICATION, DISTRIBUTION, ETC.
Place of publication, distribution, etc. London
Name of publisher, distributor, etc. University of London
Date of publication, distribution, etc. 1960
300 ## - PHYSICAL DESCRIPTION
Extent viii, 168p
650 ## - SUBJECT ADDED ENTRY--TOPICAL TERM
Topical term or geographic name entry element Java (Indonesia) --Social conditions.
650 ## - SUBJECT ADDED ENTRY--TOPICAL TERM
Topical term or geographic name entry element Social status
Holdings
Withdrawn status Lost status Damaged status Not for loan Permanent Location Current Location Date acquired Full call number Barcode Date last seen Price effective from Koha item type
        Indian Institute of Public Administration Indian Institute of Public Administration 2009-08-28 BA27x922 P185 31508 2018-07-21 2018-07-21 Book

Powered by Koha